000 00285nam a22001217a 4500
008 260424b |||||||| |||| 00| 0 eng d
082 _a001067
100 _aNarayanachar, K S
245 _aAcharya Chanakya
260 _aHubli
_bSahitya Prakashana
_c2018
300 _a248p
942 _2ddc
999 _c1307
_d1307